01618cam a22003375i 4500999001700000001001000017003000900027005001700036008004100053020002500094040004100119082001900160100003800179245020600217246005700423264004600480264001000526300005300536336002600589336003300615337002800648338002700676500002000703520021000723650003400933650003200967653002400999856009301023942001201116952015201128 c28103d28074018757279EG-ScBUE20200216101000.0180215t20182018ii a f 001 0 eng d a9788131250464 (pbk.) aStDuBDSbengerdacStDuBDSdEG-ScBUE04a614.1bBAK2221 aBakkannavar, Shankar M.,eauthor.10aForensic medicine & toxicology :bpractical manual /cShankar M. Bakkannavar, MBBS, MD(FMT), DCL, Associate Professor, Department of Forensic Medicine and Toxicology, Kasturba Medical College, Manipal.3 aForensic medicine and toxicology :bpractical manual 1aNew Delhi :bElsevier RELX India,c[2018] 4cc2018 axiv, 247 pages :billustrations (color) ;c24 cm atextbtxt2rdacontent astill imagebtxt2rdacontent aunmediatedbn2rdamedia avolumebnc2rdacarrier aIncludes index. aThis Practical manual is designed to address the need of undergraduate medical students to help them to face the practical examination with ease. This prepares the students adequately in practical aspects. 7aMedical jurisprudence.2BUEsh 7aForensic toxicology.2BUEsh bPPhrmcFebruary2020403Complimentary E-book with digital resources (Access code)uhttps://www.medenact.com/Home 2ddccBB 00102ddc40708BaccahaMAINbMAINc1STd2020-02-16ePurchaseg377.00h34030l0o614.1 BAKp000048633r2025-07-15 00:00:00v471.25w2020-02-16yBB